000
00313nam a22001337a 4500
008
180918b xxu||||| |||| 00| 0 eng d
020
_a
9781451183764
041
_a
eng
080
_a
610.73
100
_a
2
101
_a
shm
245
_a
2013 Pocket Drug Guide For Nurses
_c
Karch,a,M
942
_2
udc
_c
BK
999
_c
47912
_d
47912